| 000 | 02230nam a22003257a 4500 | ||
|---|---|---|---|
| 001 | 1809 | ||
| 005 | 20251215160422.0 | ||
| 020 | _a9780765320995 (hardcover) | ||
| 020 | _a0765320991 (hardcover) | ||
| 040 |
_aBTCTA _cBTCTA _dBAKER _dZGX _dWIQ _dDPL _dTEF _dXY4 _dB2A _dIHI _dOCLCQ _dEHH _dDLC _dFISKH _beng |
||
| 050 | 0 | 0 | _aPZ7.L96775 |
| 082 | _aFic | ||
| 100 | 1 | _aLubar, David. | |
| 245 | 1 | 4 |
_aThe battle of the red hot pepper weenies : _band other warped and creepy tales / _cDavid Lubar. |
| 250 | _a1st ed. | ||
| 260 |
_aNew York : _bStarscape, _c2009. |
||
| 300 |
_a192 pages ; _c22 cm |
||
| 490 | _aWeenies | ||
| 500 | _aReader's guide includes discussion questions. (p.185-192). | ||
| 505 | 0 | _aK | |
| 505 | 0 | _aAll the rage -- Frankendance -- The ratty old bumbershoot -- Dear Author -- The wizard's mandolin -- Into the wild blue yonder -- Yackity-yak -- Wish away -- The department store -- The battle of the red hot pepper weenies -- Just like me -- What's eating the vegans? -- Let's have a big hand for Gerald -- Bird shot -- The princess and the pea brain -- Petro-fied -- Time out -- Galactic zap -- The taste of terror -- The cat almost gets a bath -- Yesterday tomorrow -- Take a whack at this -- King of the hill -- Book banning -- Braces -- Turkey calls -- Reel -- Bad luck -- Rattled nerves -- Smart little suckers -- Overdue onto others -- Put on your happy face -- Moods -- Keep your spirits up -- Sting, where is thy death? | |
| 520 | _aA girl doesn't have a date for the school dance--until her dad makes one for her in his lab. "Lily--meet Stitchy." A family enjoys a nice Thanksgiving dinner--until they are interrupted by a torrent of turkeys out for revenge. A princess meets a pea-brained suitor. And the battle of two red hot pepper weenies ends in flames. Critically-acclaimed author and master of the macabre David Lubar returns from a journey into the darkest depths of his brain with thirty-five more warped and creepy tales. And in the tradition of the three previous Weenie collections... | ||
| 521 |
_a590
_bLexile |
||
| 521 |
_aK
_bRaz-Plus |
||
| 650 | _aCreepy | ||
| 650 | _aHorror | ||
| 650 | _aMacabre | ||
| 906 |
_a7 _bcbc _corignew _d4 _encip _f20 _gy-gencatlg |
||
| 942 |
_2ddc _cBK _n0 |
||
| 999 |
_c1809 _d1809 |
||